000 00539nam a22002177a 4500
003 UA-OsUOA
001 42979
007 ta
008 20090415b un ||||| |||| 00| 0 ukr d
090 _a09.-82
_bЦ18
942 _cBR
040 _aUA-OsUOA
_bukr
_cUA-OsUOA
_dUA-OsUOA
245 _aЦарівна-жаба
300 _a16 с.
955 _a3
041 _aukr
080 _a09.-82
260 _aКатеринослав-Кам'янець-Ляйпціг
_c1920
650 7 _a0 Загальний відділ.
_2UDC
999 _c441456
_d441456